| 000 | 00656nam a22002417a 4500 | ||
|---|---|---|---|
| 005 | 20260422111135.0 | ||
| 008 | 260422b |||||||| |||| 00| 0 eng d | ||
| 020 |
_a9789358491432 _c500 |
||
| 040 | _aMAIN | ||
| 041 | _aeng | ||
| 082 |
_a370.0954 _bDEK |
||
| 100 |
_aDeka, N. _qDr. Nabanita |
||
| 245 | _aDevelopment of Education in Post- Independent India | ||
| 250 | _a1st Ed. | ||
| 260 |
_aDibrugarh _bPradyut Hazarika, Banalata _c2026 |
||
| 300 |
_a534 p. ; _c14 x 15 |
||
| 505 | _aNEP 6th Semester Education | ||
| 650 | _aEducation | ||
| 700 | _bAli, Likman | ||
| 700 | _bHandique, Papori | ||
| 700 | _bLahkar, Barnali | ||
| 942 |
_2ddc _cBK |
||
| 999 |
_c16416 _d16416 |
||